| 000 | 00412 a2200133 4500 | ||
|---|---|---|---|
| 001 | 91528 | ||
| 082 | _aPR 1482 | ||
| 090 |
_c43663 _d43662 |
||
| 100 | _aAzkar Ashraf, M.: Prof Nauman Siddiqui, Advisor | ||
| 245 |
_aInterfacing ATAPI CD-R/RW Writer with Microcontroller 89C52 for Read/Write Operation on CD-R/RW _n57 "B" EC |
||
| 260 |
_aRawalpindi _bNUST _c2003 |
||
| 300 | _a59p | ||
| 500 | _aBE Project Reports | ||
| 942 |
_aCAE NUST _kPR 1482 |
||
| 999 |
_c326601 _d326601 |
||